Music Quiz

Random Music or Song Quiz

George Michael #1 Singles Quiz Stats

 Plays Quiz Updated Dec 26, 2016

Score 0/22 Timer 06:00
2 Plays Today
Year Single % Correct
USFaith
89.2%
USCareless Whisper
69.1%
UKCareless Whisper
69%
USWake Me Up Before You Go Go
63.2%
UKWake Me Up Before You Go Go
63.2%
UKFreedom
60.9%
USFather Figure
56.3%
USDon't Let The Sun Go Down On Me
32.3%
UKDon't Let The Sun Go Down On Me
32.3%
USMonkey
27.3%
UKJesus To A Child
26.2%
Year Single % Correct
UKFastlove
24.9%
USOne More Try
21.8%
USEverything She Wants
20.1%
UKA Different Corner
19.2%
USPraying For Time
18.1%
UKI'm Your Man
17.8%
USI Knew You Were Waiting (For Me)
16.9%
UKI Knew You Were Waiting (For Me)
16.9%
UKThe Edge Of Heaven
12.2%
UKDo They Know It's Christmas?
8.3%
UKFive (Live EP)
3.9%

You're not logged in!

Compare scores with friends on all Sporcle quizzes.
OR
Log In

Sporcle TV

Today on Sporcle TV


Watch our educational content, quiz creation guides, and fun videos on Sporcle TV.

Show Comments

Extras

Top Quizzes Today


Score Distribution

Your Account Isn't Verified!

In order to create a playlist on Sporcle, you need to verify the email address you used during registration. Go to your Sporcle Settings to finish the process.

Report this User

Report this user for behavior that violates our Community Guidelines.

Details: